| 000 | 00633nam a2200253 a 4500 | ||
|---|---|---|---|
| 003 | AR-BaBNM | ||
| 005 | 20251128210922.0 | ||
| 008 | 082120s2002 ||||||||||||||000 | spa|| | ||
| 020 | _a950-739-515-6 | ||
| 040 | _cAR-BaBNM | ||
| 100 | 1 | _aGibrán, Khalil | |
| 245 | 0 | 0 | _aEl jardín del profeta |
| 260 |
_aBuenos Aires _bErrepar _c1998 |
||
| 300 | _a110 p. | ||
| 490 | 0 |
_aClásicos de bolsillo _vv. 16 |
|
| 650 | 4 | _aLITERATURA ARABE | |
| 650 | 4 | _aLITERATURA CONTEMPORANEA | |
| 650 | 4 | _aFILOSOFIA LITERARIA | |
| 653 | _aFILOSOFIA MORAL | ||
| 653 | _aNARRATIVA | ||
| 655 | _aLITERATURA | ||
| 942 | _cBK | ||
| 998 | _cMARTIN | ||
| 999 |
_c17457 _d17457 |
||